000 00551nam a2200217 a 4500
001 BRCA_3997
005 20190320204516.0
008 160110s1960----nyua######---#000-0#eng-#
041 _aeng
044 _anyu
050 4 _aPZ3
_b.R36 1960
100 1 _aRansome, Stephen.
_910398
245 1 0 _aThe Unspeakable
_cby Stephen Ransome.
260 _aNueva York
_bDoubleday
_c1960
300 _a191 p.
_bil.
_c21 cm.
440 0 _aA crime club selection
_9876
500 _aCEF7
650 1 4 _aNovelas policĂ­acas
_9877
902 _aGFM
942 _2lcc
_cB
999 _c3723
_d3723